000 00302nam a2200121Ia 4500
005 20251222155141.0
008 251222s9999||||xx |||||||||||||| ||spa||
082 _aCIE.27
100 _alarry stephens.
245 0 _aMatematics for nurses second editions
264 _bMcGraw-Hill Inter.
942 _cLIB
999 _c39178
_d39178